Precíziós állattenyésztés és állattartás
Elmentve itt :
| Szerzők: | |
|---|---|
| Dokumentumtípus: | Vegyes gyűjtemény |
| Megjelent: |
2021-03-12
|
| Kulcsszavak: | állattenyésztés állattartás |
| Tárgyszavak: | |
| Online Access: | http://eta.bibl.u-szeged.hu/5334 |
| LEADER | 06813noc a2200721 i 4500 | ||
|---|---|---|---|
| 001 | eta5334 | ||
| 005 | 20260305161529.0 | ||
| 008 | 210317s2021 hu o 000 hun d | ||
| 040 | |a SZTE Elektronikus Tananyag Archívum |b hun | ||
| 041 | |a hun | ||
| 100 | 2 | |a Angyalné Alexy Márta | |
| 245 | 1 | 0 | |a Precíziós állattenyésztés és állattartás |h [elektronikus dokumentum] / |c Angyalné Alexy Márta |
| 246 | 1 | 0 | |a Precision livestock farming |h [elektronikus dokumentum] |
| 260 | |c 2021-03-12 | ||
| 650 | 4 | |a Mezőgazdaság-tudományok | |
| 650 | 4 | |a Állattenyésztési és tejtermelési tudomány | |
| 650 | 4 | |a Állattartás | |
| 650 | 4 | |a Mezőgazdasági állattenyésztés, tejtermelés, állattartás | |
| 695 | |a állattenyésztés | ||
| 695 | |a állattartás | ||
| 700 | 0 | 1 | |a Benk Ákos |e aut |
| 700 | 0 | 1 | |a Mikó Edit |e aut |
| 856 | 4 | 0 | |u https://eta.bibl.u-szeged.hu/5334/1/EFOP343_AP6MGK_Prec%C3%ADzi%C3%B3s%C3%A1llatteny%C3%A9szt%C3%A9s%C3%A9s%C3%A1llattart%C3%A1s_olvas%C3%B3lecke_Alexy_Benk_Mik%C3%B3_baromfi_1_20210312.pdf |z Dokumentum-elérés |
| 856 | 4 | 0 | |u https://eta.bibl.u-szeged.hu/5334/2/EFOP343_AP6MGK_Prec%C3%ADzi%C3%B3s%C3%A1llatteny%C3%A9szt%C3%A9s%C3%A9s%C3%A1llattart%C3%A1s_olvas%C3%B3lecke_Alexy_Benk_Mik%C3%B3_baromfi_2_20210312.pdf |z Dokumentum-elérés |
| 856 | 4 | 0 | |u https://eta.bibl.u-szeged.hu/5334/3/EFOP343_AP6MGK_Prec%C3%ADzi%C3%B3s%C3%A1llatteny%C3%A9szt%C3%A9s%C3%A9s%C3%A1llattart%C3%A1s_olvas%C3%B3lecke_Alexy_Benk_Mik%C3%B3_sert%C3%A9s_20210312.pdf |z Dokumentum-elérés |
| 856 | 4 | 0 | |u https://eta.bibl.u-szeged.hu/5334/4/EFOP343_AP6MGK_Prec%C3%ADzi%C3%B3s%C3%A1llatteny%C3%A9szt%C3%A9s%C3%A9s%C3%A1llattart%C3%A1s_olvas%C3%B3lecke_Alexy_Benk_Mik%C3%B3_szarvasmarha_1_20210312.pdf |z Dokumentum-elérés |
| 856 | 4 | 0 | |u https://eta.bibl.u-szeged.hu/5334/5/EFOP343_AP6MGK_Prec%C3%ADzi%C3%B3s%C3%A1llatteny%C3%A9szt%C3%A9s%C3%A9s%C3%A1llattart%C3%A1s_olvas%C3%B3lecke_Alexy_Benk_Mik%C3%B3_szarvasmarha_2_20210312.pdf |z Dokumentum-elérés |
| 856 | 4 | 0 | |u https://eta.bibl.u-szeged.hu/5334/6/EFOP343_AP6MGK_Prec%C3%ADzi%C3%B3s%C3%A1llatteny%C3%A9szt%C3%A9s%C3%A9s%C3%A1llattart%C3%A1s_vide%C3%B3lecke_Alexy_Benk_Mik%C3%B3_baromfi_1_20210312.mp4 |z Dokumentum-elérés |
| 856 | 4 | 0 | |u https://eta.bibl.u-szeged.hu/5334/7/EFOP343_AP6MGK_Prec%C3%ADzi%C3%B3s%C3%A1llatteny%C3%A9szt%C3%A9s%C3%A9s%C3%A1llattart%C3%A1s_vide%C3%B3lecke_Alexy_Benk_Mik%C3%B3_baromfi_2_20210312.mp4 |z Dokumentum-elérés |
| 856 | 4 | 0 | |u https://eta.bibl.u-szeged.hu/5334/8/EFOP343_AP6MGK_Prec%C3%ADzi%C3%B3s%C3%A1llatteny%C3%A9szt%C3%A9s%C3%A9s%C3%A1llattart%C3%A1s_vide%C3%B3lecke_Alexy_Benk_Mik%C3%B3_baromfi_3_20210312.mp4 |z Dokumentum-elérés |
| 856 | 4 | 0 | |u https://eta.bibl.u-szeged.hu/5334/9/EFOP343_AP6MGK_Prec%C3%ADzi%C3%B3s%C3%A1llatteny%C3%A9szt%C3%A9s%C3%A9s%C3%A1llattart%C3%A1s_vide%C3%B3lecke_Alexy_Benk_Mik%C3%B3_baromfi_4_20210312.mp4 |z Dokumentum-elérés |
| 856 | 4 | 0 | |u https://eta.bibl.u-szeged.hu/5334/10/EFOP343_AP6MGK_Prec%C3%ADzi%C3%B3s%C3%A1llatteny%C3%A9szt%C3%A9s%C3%A9s%C3%A1llattart%C3%A1s_vide%C3%B3lecke_Alexy_Benk_Mik%C3%B3_m%C3%A9h_20210312.mp4 |z Dokumentum-elérés |
| 856 | 4 | 0 | |u https://eta.bibl.u-szeged.hu/5334/11/EFOP343_AP6MGK_Prec%C3%ADzi%C3%B3s%C3%A1llatteny%C3%A9szt%C3%A9s%C3%A9s%C3%A1llattart%C3%A1s_vide%C3%B3lecke_Alexy_Benk_Mik%C3%B3_ny%C3%BAl_20210312.mp4 |z Dokumentum-elérés |
| 856 | 4 | 0 | |u https://eta.bibl.u-szeged.hu/5334/12/EFOP343_AP6MGK_Prec%C3%ADzi%C3%B3s%C3%A1llatteny%C3%A9szt%C3%A9s%C3%A9s%C3%A1llattart%C3%A1s_vide%C3%B3lecke_Alexy_Benk_Mik%C3%B3_baromfi_5_20210312.mp4 |z Dokumentum-elérés |
| 856 | 4 | 0 | |u https://eta.bibl.u-szeged.hu/5334/13/EFOP343_AP6MGK_Prec%C3%ADzi%C3%B3s%C3%A1llatteny%C3%A9szt%C3%A9s%C3%A9s%C3%A1llattart%C3%A1s_vide%C3%B3lecke_Alexy_Benk_Mik%C3%B3_sert%C3%A9s_1_20210312.mp4 |z Dokumentum-elérés |
| 856 | 4 | 0 | |u https://eta.bibl.u-szeged.hu/5334/14/EFOP343_AP6MGK_Prec%C3%ADzi%C3%B3s%C3%A1llatteny%C3%A9szt%C3%A9s%C3%A9s%C3%A1llattart%C3%A1s_vide%C3%B3lecke_Alexy_Benk_Mik%C3%B3_sert%C3%A9s_3_20210312.mp4 |z Dokumentum-elérés |
| 856 | 4 | 0 | |u https://eta.bibl.u-szeged.hu/5334/15/EFOP343_AP6MGK_Prec%C3%ADzi%C3%B3s%C3%A1llatteny%C3%A9szt%C3%A9s%C3%A9s%C3%A1llattart%C3%A1s_vide%C3%B3lecke_Alexy_Benk_Mik%C3%B3_sert%C3%A9s_2_20210312.mp4 |z Dokumentum-elérés |
| 856 | 4 | 0 | |u https://eta.bibl.u-szeged.hu/5334/16/EFOP343_AP6MGK_Prec%C3%ADzi%C3%B3s%C3%A1llatteny%C3%A9szt%C3%A9s%C3%A9s%C3%A1llattart%C3%A1s_vide%C3%B3lecke_Alexy_Benk_Mik%C3%B3_szarvasmarha_1_20210312.mp4 |z Dokumentum-elérés |
| 856 | 4 | 0 | |u https://eta.bibl.u-szeged.hu/5334/17/EFOP343_AP6MGK_Prec%C3%ADzi%C3%B3s%C3%A1llatteny%C3%A9szt%C3%A9s%C3%A9s%C3%A1llattart%C3%A1s_vide%C3%B3lecke_Alexy_Benk_Mik%C3%B3_szarvasmarha_2_20210312.mp4 |z Dokumentum-elérés |
| 856 | 4 | 0 | |u https://eta.bibl.u-szeged.hu/5334/43/felirat.vtt |z Dokumentum-elérés |
| 856 | 4 | 0 | |u https://eta.bibl.u-szeged.hu/5334/44/felirat.html |z Dokumentum-elérés |
| 856 | 4 | 0 | |u https://eta.bibl.u-szeged.hu/5334/45/felirat.vtt |z Dokumentum-elérés |
| 856 | 4 | 0 | |u https://eta.bibl.u-szeged.hu/5334/46/felirat.html |z Dokumentum-elérés |
| 856 | 4 | 0 | |u https://eta.bibl.u-szeged.hu/5334/47/felirat.vtt |z Dokumentum-elérés |
| 856 | 4 | 0 | |u https://eta.bibl.u-szeged.hu/5334/48/felirat.html |z Dokumentum-elérés |
| 856 | 4 | 0 | |u https://eta.bibl.u-szeged.hu/5334/49/felirat.vtt |z Dokumentum-elérés |
| 856 | 4 | 0 | |u https://eta.bibl.u-szeged.hu/5334/50/felirat.html |z Dokumentum-elérés |
| 856 | 4 | 0 | |u https://eta.bibl.u-szeged.hu/5334/51/felirat.vtt |z Dokumentum-elérés |
| 856 | 4 | 0 | |u https://eta.bibl.u-szeged.hu/5334/52/felirat.html |z Dokumentum-elérés |
| 856 | 4 | 0 | |u https://eta.bibl.u-szeged.hu/5334/53/felirat.vtt |z Dokumentum-elérés |
| 856 | 4 | 0 | |u https://eta.bibl.u-szeged.hu/5334/54/felirat.html |z Dokumentum-elérés |
| 856 | 4 | 0 | |u https://eta.bibl.u-szeged.hu/5334/55/felirat.vtt |z Dokumentum-elérés |
| 856 | 4 | 0 | |u https://eta.bibl.u-szeged.hu/5334/56/felirat.html |z Dokumentum-elérés |
| 856 | 4 | 0 | |u https://eta.bibl.u-szeged.hu/5334/57/felirat.vtt |z Dokumentum-elérés |
| 856 | 4 | 0 | |u https://eta.bibl.u-szeged.hu/5334/58/felirat.html |z Dokumentum-elérés |
| 856 | 4 | 0 | |u https://eta.bibl.u-szeged.hu/5334/59/felirat.vtt |z Dokumentum-elérés |
| 856 | 4 | 0 | |u https://eta.bibl.u-szeged.hu/5334/60/felirat.html |z Dokumentum-elérés |
| 856 | 4 | 0 | |u https://eta.bibl.u-szeged.hu/5334/61/felirat.vtt |z Dokumentum-elérés |
| 856 | 4 | 0 | |u https://eta.bibl.u-szeged.hu/5334/62/felirat.html |z Dokumentum-elérés |
| 856 | 4 | 0 | |u https://eta.bibl.u-szeged.hu/5334/63/felirat.vtt |z Dokumentum-elérés |
| 856 | 4 | 0 | |u https://eta.bibl.u-szeged.hu/5334/64/felirat.html |z Dokumentum-elérés |
| 856 | 4 | 0 | |u https://eta.bibl.u-szeged.hu/5334/65/felirat.vtt |z Dokumentum-elérés |
| 856 | 4 | 0 | |u https://eta.bibl.u-szeged.hu/5334/66/felirat.html |z Dokumentum-elérés |